Estadísticas para Países por latitud (Ecuador)

Haz click aquí para intentar la prueba.

Estadísticas generales

  • Esta prueba ha sido intentada 16 veces
  • La puntuación promedio es 10 de 13

Estadísticas de respuestas

Respuesta% Correcto
República del Congo
100%
República Democrática del Congo
100%
Brasil
94%
Colombia
94%
Ecuador
94%
Indonesia
94%
Kenia
88%
Gabón
75%
Uganda
69%
Kiribati
63%
Somalia
63%
Santo Tomé y Príncipe
50%
Maldivas
44%

Distribución de puntuación

Porcentaje por número respondido

Porcentaje de gente con cada puntuación

Historial de tus puntuaciones

No has intentado esta prueba.